Iqbal kay faqree aayanain (Record no. 271603)
[ view plain ]
| 000 -LEADER | |
|---|---|
| fixed length control field | 00312 a2200121 4500 |
| 001 - CONTROL NUMBER | |
| control field | 36530 |
| 082 ## - DEWEY DECIMAL CLASSIFICATION NUMBER | |
| Classification number | 891.439 HAS |
| 090 ## - LOCALLY ASSIGNED LC-TYPE CALL NUMBER (OCLC); LOCAL CALL NUMBER (RLIN) | |
| -- | 23611 |
| -- | 23611 |
| 100 ## - MAIN ENTRY--PERSONAL NAME | |
| Personal name | Hussain Razwi |
| 245 ## - TITLE STATEMENT | |
| Title | Iqbal kay faqree aayanain |
| Statement of responsibility, etc. | Hassan rizvi; hasan |
| 260 ## - PUBLICATION, DISTRIBUTION, ETC. | |
| Place of publication, distribution, etc. | Lahore |
| Name of publisher, distributor, etc. | Nrianing Khail Publication |
| Place of publication, distribution, etc. | 1990 |
| 300 ## - PHYSICAL DESCRIPTION | |
| Extent | 332 p. |
| 942 ## - ADDED ENTRY ELEMENTS (KOHA) | |
| Institution code [OBSOLETE] | NUST-CAE |
| Call number prefix | 891.439 HAS |
| Withdrawn status | Lost status | Damaged status | Not for loan | Collection code | Permanent Location | Current Location | Date acquired | Total Checkouts | Full call number | Barcode | Date last seen | Price effective from | Koha item type |
|---|---|---|---|---|---|---|---|---|---|---|---|---|---|
| College of Aeronautical Engineering (CAE) | College of Aeronautical Engineering (CAE) | 04/03/2017 | 891.439 HAS | CAE62728 | 04/05/2017 | 04/05/2017 | Book |
